000 00562nam a22001937a 4500
999 _c6550
_d6550
003 OSt
005 20200131101654.0
008 200131b ||||| |||| 00| 0 eng d
020 _a185856087x
040 _cDDC.
082 _a206.43GEN 1998.
100 _4Edited by Drake,Pat;Owen,Patricia;
245 _aGender and Managemment Issues in Education.
_bAn International Perspective.
260 _aEngland.
_bTrentham Books Limited.
_c1998
300 _axvi,145p;
_bill;
_c20cm.
504 _aincludes index.
650 _aEducation.
_91404
942 _2ddc
_cO_SHELF